<?xml version="1.0" encoding="UTF-8"?><?xml-stylesheet type="text/xsl" href="static/style.xsl"?><OAI-PMH xmlns="http://www.openarchives.org/OAI/2.0/" xmlns:xsi="http://www.w3.org/2001/XMLSchema-instance" xsi:schemaLocation="http://www.openarchives.org/OAI/2.0/ http://www.openarchives.org/OAI/2.0/OAI-PMH.xsd"><responseDate>2026-04-17T00:36:18Z</responseDate><request verb="GetRecord" identifier="oai:www.recercat.cat:2072/96635" metadataPrefix="marc">https://recercat.cat/oai/request</request><GetRecord><record><header><identifier>oai:recercat.cat:2072/96635</identifier><datestamp>2024-12-11T21:27:00Z</datestamp><setSpec>com_2072_5165</setSpec><setSpec>com_2072_5163</setSpec><setSpec>col_2072_5170</setSpec></header><metadata><record xmlns="http://www.loc.gov/MARC21/slim" xmlns:dcterms="http://purl.org/dc/terms/" xmlns:xsi="http://www.w3.org/2001/XMLSchema-instance" xmlns:doc="http://www.lyncode.com/xoai" xsi:schemaLocation="http://www.loc.gov/MARC21/slim http://www.loc.gov/standards/marcxml/schema/MARC21slim.xsd">
   <leader>00925njm 22002777a 4500</leader>
   <datafield ind2=" " ind1=" " tag="042">
      <subfield code="a">dc</subfield>
   </datafield>
   <datafield ind2=" " ind1=" " tag="720">
      <subfield code="a">Sablina, Marianna</subfield>
      <subfield code="e">author</subfield>
   </datafield>
   <datafield ind2=" " ind1=" " tag="260">
      <subfield code="c">2010-11-23T12:33:37Z</subfield>
   </datafield>
   <datafield ind2=" " ind1=" " tag="520">
      <subfield code="a">Aquesta investigació té com a objectiu l’estudi de la delincuencia econòmica a Espanya desde diverses perspectius. D’una banda, s’analitzen els efectes que certs delictes econòmics tenen en la societat i en la economia. Concretament s’estudien cinc delictes amb el propòsit d’esclarir els seus conceptes, mètodes, grandària i abast. D’alte banda, desde un punt de vista jurídic es delimiten les fonts normatives que els regulen i s’explica la modificació que introdueix el Nou Codi Penal respecte la responsabilitat de les persones jurídiques. Finalment, es fa una valoració ético-moral de la qüestió.</subfield>
   </datafield>
   <datafield ind1="8" ind2=" " tag="024">
      <subfield code="a">http://hdl.handle.net/2072/96635</subfield>
   </datafield>
   <datafield ind2="0" ind1="0" tag="245">
      <subfield code="a">Los delitos económicos</subfield>
   </datafield>
</record></metadata></record></GetRecord></OAI-PMH>